Programming massively parallel processors : (Record no. 19772)

MARC details
000 -LEADER
fixed length control field 01051nam a22003135a 4500
001 - CONTROL NUMBER
control field ybp9960138
003 - CONTROL NUMBER IDENTIFIER
control field OSt
005 - DATE AND TIME OF LATEST TRANSACTION
control field 20150816124329.0
008 - FIXED-LENGTH DATA ELEMENTS--GENERAL INFORMATION
fixed length control field 130114t2013 caua frb 001 0 eng d
020 ## - INTERNATIONAL STANDARD BOOK NUMBER
International Standard Book Number 0124159923 (pbk.)
020 ## - INTERNATIONAL STANDARD BOOK NUMBER
Cancelled/invalid ISBN 9780124159921 (pbk.)
040 ## - CATALOGING SOURCE
Original cataloging agency EG-ScBUE
Language of cataloging eng
Transcribing agency EG-ScBUE
082 04 - DEWEY DECIMAL CLASSIFICATION NUMBER
Classification number 004.35
Item number KIR
Edition number 22
100 1# - MAIN ENTRY--PERSONAL NAME
Personal name Kirk, David,
Dates associated with a name 1960-
9 (RLIN) 38312
245 10 - TITLE STATEMENT
Title Programming massively parallel processors :
Remainder of title a hands-on approach /
Statement of responsibility, etc David B. Kirk and Wen-mei W. Hwu.
250 ## - EDITION STATEMENT
Edition statement 2nd ed.
260 ## - PUBLICATION, DISTRIBUTION, ETC. (IMPRINT)
Place of publication, distribution, etc Waltham :
Name of publisher, distributor, etc Morgan Kaufmann / Elsevier,
Date of publication, distribution, etc c.2013.
300 ## - PHYSICAL DESCRIPTION
Extent xx, 496 p. :
Other physical details ill. ;
Dimensions 24 cm.
500 ## - GENERAL NOTE
General note Index : p. 487-496.
504 ## - BIBLIOGRAPHY, ETC. NOTE
Bibliography, etc Includes bibliographical references
650 #0 - SUBJECT ADDED ENTRY--TOPICAL TERM
Topical term or geographic name as entry element Multiprocessors.
Source of heading or term BUEsh
9 (RLIN) 37564
650 #0 - SUBJECT ADDED ENTRY--TOPICAL TERM
Topical term or geographic name as entry element Parallel processing (Electronic computers)
Source of heading or term BUEsh
650 #0 - SUBJECT ADDED ENTRY--TOPICAL TERM
Topical term or geographic name as entry element Parallel programming (Computer science)
Source of heading or term BUEsh
9 (RLIN) 37076
651 ## - SUBJECT ADDED ENTRY--GEOGRAPHIC NAME
Source of heading or term BUEsh
653 ## - INDEX TERM--UNCONTROLLED
Resource For college Informatics and Computer Science
Arrived date list June2015
-- August2015
655 ## - INDEX TERM--GENRE/FORM
Form subdivision
-- 34232
700 1# - ADDED ENTRY--PERSONAL NAME
Personal name Hwu, Wen-mei.
942 ## - ADDED ENTRY ELEMENTS (KOHA)
Source of classification or shelving scheme Dewey Decimal Classification
Call number prefix 004.35 KIR
Holdings
Withdrawn status Lost status Source of classification or shelving scheme Damaged status Not for loan Koha collection Home library Current library Shelving location Date acquired Source of acquisition Cost, normal purchase price Serial Enumeration / chronology Total Checkouts Full call number Barcode Date last seen Cost, replacement price Koha item type
    Dewey Decimal Classification     Alahram Central Library Central Library Lower Floor 18/06/2015   348.00 319   004.35 KIR 000038784 15/07/2025 435.00 Book - Borrowing